00790nam a2200181 a 4500008004100000050001600041100002100057245017000078260004000248300002000288350000900308500017500317650001500492650003600507650003000543700002000573710001500593120416s1996 ||||||||||||||||| || u aJF 1081 Uga aLangseth, Petter10aUganda International Conference on good governance in Africa: empowering civil society in the fight against corruption.cedited by Petter Langseth and Fiona Simpkins aWashington, D. C.bWorld Bankc1996 ax, 236p. : ill. a0.00 aThe Governance of Uganda in co-operation with Transparence International and the Economic Development Institute of the World Bank, 21-25 April 1996, Mwenye Lodge, Uganda. aGOVERNANCE aUGANDA--POLITICS AND GOVERNMENT aUGANDA--GOVERNANCE ISSUES aSimpkins, Fiona aWorld Bank